000 00594nam a2200229 a 4500
001 nice12345678
003 IN_TiNIC
005 20260116011919.0
008 070605s1971 oxfa grp 000 0 eng
020 _a
_c100
082 0 0 _a349.09624
_bMUS
100 _aMustafa, Zaki
245 _aCommon Law in Sudan
_b An Account of the Justice, Equity and Good Conscience
260 _aOxford
_bClarendon Pressa
_c1971
300 _a272p
500 _aincludes index and biblioraphy
650 _aLand-Sudan
700 1 _aMustafa, Zaki
902 _bSRS
942 _cBK
999 _c4895
_d4895